Three Images: Guess the Movie Quiz Stats

 Plays Quiz Updated Sep 13, 2014

Also try: Guess That Scene!
Challenge
Share
Tweet
Score 0/25 Timer 12:00
0 Plays Today
% Correct
The Matrix
92.6%
Forrest Gump
91.5%
Back to the Future
91%
Mary Poppins
88.8%
Psycho
86.5%
Rocky
86%
Kill Bill
84.5%
The Lion King
77.7%
The Silence of the Lambs
76%
The Godfather
73.3%
Raiders of the Lost Ark
73%
It's a Wonderful Life
56.3%
Jurassic Park
54.4%
% Correct
Beauty and the Beast (1991)
53%
The Shawshank Redemption
52.3%
Casablanca
50.8%
E.T.
45.9%
Die Hard
41.7%
The Karate Kid (1984)
33.4%
The Magnificent Seven
30.1%
Arsenic and Old Lace
25.6%
Elf
25.4%
Sleepless in Seattle
24.6%
To Kill a Mockingbird
16.1%
My Fair Lady
15.1%

You're not logged in!

Compare scores with friends on all Sporcle quizzes.
Join for Free
OR
Log In

You Might Also Like...

Show Comments

Extras

Top Quizzes Today


Score Distribution

Your Account Isn't Verified!

In order to create a playlist on Sporcle, you need to verify the email address you used during registration. Go to your Sporcle Settings to finish the process.

Report this User

Report this user for behavior that violates our Community Guidelines.

Details: